Look and play pets

Bibliographic Details
Main Author: Pipe,Jim
Format: Book
Published: London : Aladdin watts , 2009
Subjects:

MARC

LEADER 00000cam a2200000 7i4500
001 0000065408
005 20220105104227.0
008 160816
020 |a 9780749677299 
090 0 0 |a EDU   |b ENG 
100 1 |a Pipe,Jim 
245 0 0 |a Look and play pets   |c Jim Pipe 
260 |a London :   |b Aladdin watts ,   |c 2009 
500 |a Children age 4-6 years old (yellow) 
650 0 |a Children's questions and answer 
650 0 |a Pets   |x Juvenile literature 
999 |a 0001042749   |b Book   |c Children Collection   |e Cawangan Taman Universiti 
999 |a 0001042750   |b Book   |c Children Collection   |e Cawangan Bukit Gambir